|
|
|
|
| LEADER |
00000nam0a2200000 4500 |
| 001 |
146119 |
| 005 |
20231031144508.0 |
| 035 |
|
|
|a (RuTPU)RU\TPU\book\158384
|
| 090 |
|
|
|a 146119
|
| 100 |
|
|
|a 20081027d1979 k y0rusy50 ca
|
| 101 |
0 |
|
|a rus
|
| 102 |
|
|
|a RU
|
| 105 |
|
|
|a a z 001zy
|
| 200 |
1 |
|
|a Высокоразрешающие фотоматериалы для голографии и процессы их обработки
|f Н. И. Кириллов
|g Академия наук СССР (АН СССР), Физико-технический институт им. А. Ф. Иоффе (ФТИ)
|
| 210 |
|
|
|a Москва
|c Наука
|d 1979
|
| 215 |
|
|
|a 136 с.
|c ил.
|
| 320 |
|
|
|a Библиогр.: с. 126-134.
|
| 610 |
1 |
|
|a голография
|
| 610 |
1 |
|
|a материалы
|
| 610 |
1 |
|
|a фотоматериалы
|
| 610 |
1 |
|
|a обработка
|
| 610 |
1 |
|
|a применение
|
| 610 |
1 |
|
|a обработка
|
| 610 |
1 |
|
|a качество
|
| 675 |
|
|
|a 778.4
|v 3
|
| 700 |
|
1 |
|a Кириллов
|b Н. И.
|g Николай Иванович
|
| 712 |
0 |
2 |
|a Академия наук СССР (АН СССР)
|b Физико-технический институт им. А. Ф. Иоффе (ФТИ)
|c (Ленинград)
|2 stltpush
|3 (RuTPU)RU\TPU\col\12056
|
| 801 |
|
1 |
|a RU
|b 63413507
|c 20081027
|g PSBO
|
| 801 |
|
2 |
|a RU
|b 63413507
|c 20161011
|g PSBO
|
| 942 |
|
|
|c BK
|